| 000 | 00496nam a2200181Ia 4500 | ||
|---|---|---|---|
| 001 | 24890 | ||
| 005 | 20260414151113.0 | ||
| 008 | 260414t2023||||xx |||||||||||||| ||spa|| | ||
| 041 | _aESP | ||
| 082 |
_a346 _bT74 |
||
| 100 |
_aTorres Manrique, Jorge, _eAUT |
||
| 245 | 0 |
_aEstudios sobre los problemas y soluciones actuales del derecho civil : _bn estado de la cuestión |
|
| 260 | _c2023 | ||
| 300 |
_a590 páginas : _c25 cm. |
||
| 650 | _aDER | ||
| 654 | _aCDE | ||
| 942 |
_cLIB _dJUS _fJUS _2ddc _n |
||
| 999 |
_c24890 _d24890 |
||